Poemas de Wallace Stevens
Bewaard in:
| Hoofdauteur: | |
|---|---|
| Formaat: | Boek |
| Taal: | Engels Spaans |
| Gepubliceerd in: |
Buenos Aires
Bibliográfica Omeba
1967
|
| Reeks: | Colección América en Letras
|
| Onderwerpen: | |
| Tags: |
Voeg label toe
Geen labels, Wees de eerste die dit record labelt!
|
MARC
| LEADER | 00000nam a2200000 a 4500 | ||
|---|---|---|---|
| 001 | UCO4901 | ||
| 003 | CL-VaPUC | ||
| 008 | 000825e19670000AG |||||||||||||||||eng|d | ||
| 041 | 0 | 7 | |a eng |2 CL-VaPUC |
| 041 | 0 | 7 | |a spa |2 CL-VaPUC |
| 082 | 0 | 4 | |a 811 |b GIR |2 21 |
| 100 | 0 | |a Girri, Alberto |e author |9 449577 | |
| 245 | 1 | 0 | |a Poemas de Wallace Stevens |
| 300 | |a 139 p | ||
| 942 | |c BK | ||
| 945 | |d 20000825 00:00:00 |a crobeson | ||
| 260 | |a Buenos Aires |b Bibliográfica Omeba |c 1967 | ||
| 600 | 0 | 7 | |a STEVENS, WALLACE |2 CL-VaPUC |9 449578 |
| 650 | 7 | |a POESIAS ESTADOUNIDENSES |2 CL-VaPUC |9 449579 | |
| 650 | 0 | |a Literatura estadounidense |9 317168 | |
| 583 | |a last modification |c 20000825 00:00:00 |k Rodrigo Vera | ||
| 490 | 0 | |a Colección América en Letras | |
| 999 | |c 290866 |d 290864 | ||
| 952 | |0 0 |1 0 |4 0 |6 811_000000000000000_GIR_1967 |7 0 |8 A |9 340476 |a BIBART |b BIBART |d 2019-11-20 |i 1216813 |o 811 GIR 1967 |p 1216813 |r 2025-03-13 |w 2019-11-20 |y BK |k ART | ||